[Event "10th KiiT Festival 2017"]
[Site "Bhubaneshwar"]
[Date "2017.06.01"]
[Round "9"]
[White "Neelash Saha"]
[Black "Rathnakaran, K."]
[Result "0-1"]
[WhiteElo "2191"]
[BlackElo "2378"]
[Annotator "TA"]
[PlyCount "112"]
[EventDate "2017.05.26"]
[EventType "swiss"]
[EventCountry "IND"]
[SourceTitle "playchess.com"]
[Source "ChessBase"]
[SourceQuality "1"]

{[%evp 11,111,15,31,30,42,39,47,47,53,50,53,38,32,0,41,-9,29,-8,0,0,0,-15,0,11,41,46,44,38,109,97,107,86,187,165,184,180,197,184,179,194,175,175,170,83,94,82,87,101,86,85,144,84,92,82,96,92,87,0,0,0,0,0,0,-4,-2,-8,0,-16,-16,-16,-16,-27,-32,-119,-135,-534,-380,-598,-609,-575,-585,-599,-583,-592,-532,-580,-129,-147,0,-577,-539,-511,-420,-602,-595,-499,-583,-12795,-12794,-29994,-29995,-29999]} 1. d4 Nf6 2. Bg5 c5 3. Bxf6 gxf6 4. d5 Qb6 5. Qc1 f5 6. c4 Bg7 7. Nc3 {A45: Trompowsky Attack} Na6 (7... d6 8. e3 Nd7 9. Nge2 Nf6 10. Nf4 e5 11. Nd3 Bd7 12. Be2 h5 13. Qc2 h4 14. Rb1 Qc7 {½-½ (54) Vitiugov,N (2726)-Svane,R (2555) Doha 2016}) 8. e3 e5 $146 ({Predecessor:} 8... d6 9. Bd3 Bd7 10. Nge2 e6 11. a3 Qb3 12. O-O h5 13. Rb1 e5 14. Bc2 Qb6 {½-½ (14) Rodriguez Gonzalez,J (2249)-Alonso,S (2474) Madrid 2003}) 9. Qc2 {White is slightly better.} Qg6 10. a3 d6 11. g3 Nc7 12. Bd3 a6 13. Qb3 O-O (13... b5 $5) 14. Nf3 b5 15. cxb5 axb5 16. Nxb5 Rb8 {Strongly threatening ...e4.} 17. a4 Nxd5 18. Nh4 $1 {[%cal Rh4g6]} ({Much worse is} 18. Qxd5 Bb7 $17) 18... Qf6 19. Bxf5 Ne7 (19... Nc7 $14 20. Qc2 Nxb5 21. Bxh7+ (21. axb5 e4 $14) 21... Kh8 22. axb5 Rxb5) 20. Bxc8 $16 Rfxc8 21. e4 {[%cal Be3e4,Be4d5][%mdl 32]} d5 (21... Nc6 $16) 22. exd5 $18 c4 23. Qd1 Rd8 24. d6 Nc8 {[%cal Rc8d6]} 25. Qg4 Nxd6 26. Nxd6 Rxd6 27. Qxc4 (27. Nf5 $18 {has better winning chances.}) 27... Rxb2 $16 {[%csl Gb2][%cal Rf6f2]} 28. O-O Rdd2 29. Qc8+ Bf8 {[%cal Rd2f2]} 30. Qg4+ $1 Qg7 (30... Kh8 $142) 31. Qxg7+ (31. Qf3 $142) 31... Kxg7 32. Nf5+ Kg6 33. Ne3 {aiming for Nc4.} Re2 34. Nd1 (34. Rac1 $1 $16) 34... Rbc2 $11 35. a5 {Black must now prevent a6.} Bc5 36. a6 {And now a7 would win.} Ba7 $1 37. Rb1 Bd4 38. Rb3 f5 39. Kg2 Ra2 40. Nc3 Rxf2+ 41. Rxf2 Rxf2+ {[%mdl 4096] Endgame KRB-KRN} 42. Kh3 {[#]} (42. Kh1 $1 $15) 42... Rc2 $1 $17 {Threatens to win with ...Bg1.} ({Stronger than} 42... Rf3 43. Ra3 $16) 43. Ra3 $2 {[%mdl 8192]} (43. Nd1 $17) 43... Ba7 $19 44. g4 {[#]} (44. Ra5 $142) 44... f4 $1 45. Ne4 Bg1 {[%csl Gg1][%cal Rc2h2]} 46. g5 Kh5 {[%csl Gg1][%cal Rc2h2]} 47. Nf6+ Kxg5 {[%csl Gg1][%cal Rc2h2]} 48. Ne4+ Kh5 $2 (48... Kf5 $19 {[%csl Gg1][%cal Rc2h2] is more deadly.} 49. Nd6+ Ke6) 49. Nf6+ $17 Kg5 $2 {[%mdl 8192]} (49... Kg6 $17 50. Ng4 Kg5) 50. Ne4+ $19 Kf5 {[%csl Gg1][%cal Rc2h2]} 51. Nd6+ Ke6 52. Nb5 (52. Ne4 $142 h5 53. Ng5+ Kf6 54. Nf3) 52... h5 {[%csl Gg1][%cal Rc2h2]} 53. Kh4 Kf5 54. h3 Kg6 {( -> ...Bf2+)} 55. Rf3 Bc5 {[%cal Rc5e7]} 56. Rf1 Be7# {Precision: White = 46%, Black = 56%.} 0-1

[Event "10th KiiT Festival 2017"]
[Site "Bhubaneshwar"]
[Date "2017.06.01"]
[Round "9"]
[White "Mohammad Fahad, Rahman"]
[Black "Sardana, Rishi"]
[Result "0-1"]
[WhiteElo "2169"]
[BlackElo "2390"]
[Annotator "TA"]
[PlyCount "100"]
[EventDate "2017.05.26"]
[EventType "swiss"]
[EventCountry "IND"]
[SourceTitle "playchess.com"]
[Source "ChessBase"]
[SourceQuality "1"]

{[%evp 15,100,-6,-2,0,2,-5,-10,-9,-22,-30,-25,-43,-42,-43,-38,-50,-53,-64,-54,-69,-53,-86,-95,-91,0,-104,-60,-47,-55,-306,-106,-107,-52,-55,-51,-47,-46,-72,-60,-110,-95,-97,198,-5,-14,-66,-72,-165,0,-273,-254,-426,-425,-394,-409,-397,-397,-349,-322,-643,-354,-339,-345,-322,-213,-431,-539,-534,-531,-465,-415,-407,-403,-668,-664,-932,-921,-899,-862,-29982,-29983,-29982,-1089,-1089,-1051,-29987,-29988]} 1. c4 c5 2. g3 Nc6 3. Nc3 g6 4. Bg2 Bg7 5. Nf3 d6 6. O-O Bf5 7. a3 {A37: Symmetrical English vs ...g6: 4 Bg2 Bg7 5 Nf3} (7. b3 Qd7 8. Bb2 Bh3 9. e3 Bxg2 10. Kxg2 Nf6 11. Nd5 O-O 12. Bxf6 exf6 13. d4 Rad8 14. Qc2 Ne7 15. Nxe7+ Qxe7 {1-0 (48) Banusz,T (2616)-Ragger,M (2682) Graz 2016}) 7... Qd7 8. Nd5 Rc8 {LiveBook: 3 Games} 9. d3 {The position is equal.} Bh3 10. Rb1 Bxg2 11. Kxg2 e6 12. Nc3 $146 ({Predecessor:} 12. Ne3 Nge7 13. b4 Nd4 14. Bb2 e5 15. bxc5 dxc5 16. Nxd4 exd4 {0-1 (44) Wille,T (2105)-Van Helvoort,R (2140) Maastricht 2014}) 12... Nge7 13. Bd2 O-O 14. b4 b6 15. b5 Nd4 16. Nxd4 cxd4 17. Na4 d5 18. Qb3 dxc4 19. dxc4 Nf5 ({Black should try} 19... Rc7 $17) 20. Kg1 (20. Rfc1 $1 $11) 20... e5 21. Rfc1 e4 {White must now prevent ...e3!} 22. e3 $2 {[%mdl 8192]} (22. c5 $15) 22... Rfd8 $2 (22... Be5 $1 $19 {aiming for ...Nh4!} 23. Rc2 Nh4 $1 {[%mdl 512]}) 23. c5 $17 Nh6 (23... dxe3 $17 24. Bxe3 Nxe3 25. Qxe3 Bd4 26. Qxe4 bxc5) 24. exd4 $1 $15 Nf5 25. c6 Qe7 26. Be3 Nxd4 27. Bxd4 Bxd4 28. Re1 Re8 $2 {[%mdl 8192]} (28... a6 $17 {stays on course. Strongly threatening ...Qf6.} 29. bxa6 Qf6) 29. Rbd1 $2 ({White must play} 29. Nc3 $18) 29... Qe5 $11 30. Qc4 (30. Kg2 $11) 30... Red8 $15 31. Kg2 (31. Nc3 $17 Bxc3 32. Rxd8+ Rxd8 33. Rxe4) 31... a6 $2 (31... Qf6 $19 32. Qe2 {[#]} a6 $1 {[%mdl 512]} 33. bxa6 Qxc6) 32. Rb1 $2 {[%mdl 8192]} (32. Rxd4 $11 Rxd4 33. Qc3 axb5 34. Nxb6) 32... axb5 33. Rxb5 $2 (33. Qxb5 {is the only way for White.} Rd5 34. Qe2) 33... Qf6 $1 $19 {[%csl LRc6,LRf2]} 34. Rxe4 {intending Rf4.} Qxf2+ (34... Rxc6 35. Qe2 $17) 35. Kh3 {[#]} Rxc6 $1 {[%mdl 512]} 36. Qe2 (36. Qxc6 Qf1+) 36... Qf6 37. Nb2 $2 (37. Rf4 Qd6 38. Rb4) 37... Rc5 38. Rxc5 bxc5 39. Nc4 Qf5+ 40. Kg2 $2 (40. g4 Qd5 41. Nd2) 40... Qd5 41. Kh3 Kg7 42. Re7 Bf6 43. Re4 Rb8 44. Rf4 (44. Qf3 $142) 44... Bd4 45. Re4 Qd7+ 46. Kg2 Rb1 {...Rg1+ is the strong threat.} 47. h4 Rg1+ 48. Kf3 Qf5+ (48... Qh3 $142 49. Rxd4 Rxg3+ 50. Kf2 Rg2+ 51. Ke1 Rxe2+ 52. Kxe2 cxd4 53. h5 gxh5 54. Nd6 h4 55. Ne8+ Kg6 56. Nc7 Qe3+ 57. Kf1 d3 58. Nd5 Qf3+ 59. Kg1 Qxd5 60. Kh2 Qf3 61. a4 h3 62. Kg1 Qg2#) 49. Rf4 Qd5+ 50. Re4 f5 {Precision: White = 26%, Black = 45%.} 0-1

[Event "10th KiiT Festival 2017"]
[Site "Bhubaneshwar"]
[Date "2017.06.01"]
[Round "9"]
[White "Sahu, Sekhar Chandra"]
[Black "Arjun Kalyan"]
[Result "1/2-1/2"]
[WhiteElo "2167"]
[BlackElo "2322"]
[Annotator "TA"]
[PlyCount "64"]
[EventDate "2017.05.26"]
[EventType "swiss"]
[EventCountry "IND"]
[SourceTitle "playchess.com"]
[Source "ChessBase"]
[SourceQuality "1"]

{[%evp 13,64,7,10,-7,-6,-6,-4,0,13,-6,0,-12,10,8,16,0,0,0,0,0,0,0,0,-7,-6,-10,4,0,10,-43,0,-27,62,-18,60,-17,50,30,103,-303,1475,1474,2216,1076,1676,1201,1179,1174,1591,1361,1944,1802,1941]} 1. e4 e5 2. Nf3 Nc6 3. Bb5 a6 4. Ba4 Nf6 5. O-O Be7 6. Bxc6 dxc6 7. Qe1 Nd7 {LiveBook: 216 Games} 8. Nc3 {C85: Closed Ruy Lopez: Deferred Exchange Variation} (8. d4 exd4 9. Nxd4 O-O 10. Nc3 Nb6 11. Be3 Nc4 12. Rd1 Qe8 13. Bc1 c5 14. Nde2 f5 15. b3 Ne5 16. exf5 Bxf5 17. Ng3 Bd6 18. Nxf5 Rxf5 19. Ne4 Qg6 {½-½ (32) Khairullin,I (2630)-Andreikin,D (2736) Sochi 2016}) 8... O-O 9. a4 $146 ({Predecessor:} 9. d3 Bd6 10. Be3 c5 11. Nd2 Nb8 12. f4 exf4 13. Bxf4 Nc6 14. Nd5 Be6 15. Ne3 Bxf4 16. Rxf4 {1-0 (30) Keely,R (2040)-Mannion,S (2353) Halifax 2010}) 9... Re8 10. d3 {The position is equal.} Bd6 11. Bg5 f6 12. Be3 c5 13. Nd2 {[%cal Bf3d2,Bd2c4,Bc4e3][%mdl 32]} Nf8 {[%cal Bd7f8,Bf8e6,Be6d4][%mdl 32]} 14. f4 exf4 15. Bxf4 Bxf4 16. Rxf4 Ne6 17. Rf2 Nd4 18. Nc4 Be6 19. Ne3 Qd6 20. a5 Rf8 21. Qf1 ({Better is} 21. Qd2 $11) 21... Rf7 22. Kh1 g6 (22... Raf8 $11) 23. Ncd5 (23. Rxf6 $14 Raf8 24. Rxf7 Rxf7 25. Qe1) 23... Kh8 (23... Bxd5 $11 24. Nxd5 f5) 24. b3 ({Don't play} 24. Nxf6 Raf8 $11) (24. c3 $14 Bxd5 25. cxd4 (25. Nxd5 Nc6 $14) (25. exd5 Nb5 $11)) 24... c6 (24... Bxd5 $11 25. Nxd5 f5) 25. Nf4 ({But not} 25. Nxf6 Raf8 $15) 25... Bc8 (25... Raf8 $11 {keeps the balance.}) 26. Nh5 $2 {[%mdl 8192] [#]} (26. Nc4 $16 {and life is bright.} Qe7 27. e5) 26... Qg3 $4 {[%mdl 8192]} (26... gxh5 $19 27. Nc4 Qe7) 27. Nxg3 $18 {White is clearly winning.} Bg4 28. Rf5 Kg7 29. h4 gxf5 30. exf5 Rd7 31. c3 Rd5 32. Rb1 Rd7 {[%mdl 32768] Precision: White = 25%, Black = 32%. . An unexpected result.} 1/2-1/2

[Event "10th KiiT Festival 2017"]
[Site "Bhubaneshwar"]
[Date "2017.06.01"]
[Round "9"]
[White "Singh, Y  Dhanabir"]
[Black "Rathanvel, V S"]
[Result "*"]
[WhiteElo "2134"]
[BlackElo "2361"]
[Annotator "TA"]
[PlyCount "49"]
[EventDate "2017.05.26"]
[EventType "swiss"]
[EventCountry "IND"]
[SourceTitle "playchess.com"]
[Source "ChessBase"]
[SourceQuality "1"]

{[%evp 19,49,28,42,22,22,-9,26,-6,0,0,-7,-67,-35,-90,-89,-122,-72,-72,-78,-102,-118,-241,-241,-236,-90,-92,-93,-166,-49,-69,-58,-91]} 1. e4 c5 2. Nf3 d6 3. d3 Nc6 4. g3 g6 5. Bg2 Bg7 6. O-O Nf6 7. Re1 Bg4 8. h3 Bxf3 9. Qxf3 O-O 10. c3 Rb8 11. Bf4 $146 {A05: Réti Opening: 1 Nf3 Nf6} ({Predecessor:} 11. Be3 Nd7 12. Rd1 b5 13. a3 a5 14. d4 cxd4 15. cxd4 Nb6 16. e5 d5 17. Nc3 e6 18. Nxb5 Nc4 {1-0 (35) Amin,B (2662)-Flores,D (2579) Doha 2016}) 11... Nd7 12. Qe3 Qb6 13. Re2 {White has an edge.} Qa6 14. Bf1 b5 {[%cal Bb7b5,Bb5b4][%mdl 32]} 15. Rd2 ({White should play} 15. Rc2 $11) 15... Rfc8 {[%cal Bf8c8,Bc8c1,Bc1f1][%mdl 32]} 16. h4 ({White must play} 16. Rc2 $1 $15) 16... b4 $36 {[%mdl 2048] Black has strong initiative.} 17. h5 Na5 {And now ...Nb3! would win.} 18. d4 cxd4 19. cxd4 Rc1 20. Rd3 {[#]} (20. Qd3 $17 Qxd3 21. Rxd3) 20... Rxf1+ $1 $19 {[%mdl 512]} 21. Kxf1 {[#]} Nb3 (21... e5 $1 $19 {[%cal Re5f4] and Black stays clearly on top.} 22. Nd2 exf4 23. gxf4 Nf6 24. hxg6 hxg6) 22. axb3 $17 Qxa1 23. Qc1 {[#]} (23. Rd1 $17 {was worth a try.}) 23... Nb6 (23... Qa6 $1 $19 {[%cal Ra6d3]} 24. Qc4 Qb7) 24. Rd1 Qa6+ 25. Kg1 {Precision: White = 25%, Black = 58%.} *

[Event "10th KiiT Festival 2017"]
[Site "Bhubaneshwar"]
[Date "2017.06.01"]
[Round "9"]
[White "Cholleti Sahajasri"]
[Black "Chakravarthi Reddy, M."]
[Result "1/2-1/2"]
[WhiteElo "2133"]
[BlackElo "2226"]
[Annotator "TA"]
[PlyCount "79"]
[EventDate "2017.05.26"]
[EventType "swiss"]
[EventCountry "IND"]
[SourceTitle "playchess.com"]
[Source "ChessBase"]
[SourceQuality "1"]

{[%evp 25,79,-24,0,-24,-24,-22,-18,-47,-47,-47,-41,-45,-46,-88,-87,-72,-26,-72,-64,-72,-68,-75,-75,-90,-80,-136,-138,-141,-141,-181,-168,-156,-150,-172,-79,-79,-79,-179,-99,-130,-78,-183,-179,-223,-222,-200,-92,-243,-195,-245,-242,-281,-275,-263,-250,-188]} 1. Nf3 d5 2. d4 Nf6 3. c4 g6 4. Nc3 Bg7 5. e3 O-O 6. Be2 c5 7. O-O cxd4 8. Nxd4 Nc6 9. cxd5 Nxd5 10. Nxd5 Qxd5 11. Bf3 Qc5 12. Nxc6 bxc6 13. Qa4 Rb8 14. Qxc6 {A35: Symmetrical English: 2 Nc3 Nc6 3 Nf3} (14. Rb1 {seems wilder.} Qb5 15. Qc2 c5 16. Be2 Qc6 17. e4) 14... Qxc6 15. Bxc6 Be6 16. Rd1 {The position is equal.} Bxb2 17. Bxb2 Rxb2 18. a4 Rc8 19. Rdc1 $146 ({Predecessor:} 19. Be4 Bb3 20. Rd7 Ra2 21. Rb1 Rxa4 22. Rxe7 {½-½ (46) Mazzarella,A-Calzolari,G (2550) ICCF email 2002}) 19... Ra2 $1 20. Rab1 Rd8 (20... Bb3 $5) 21. Ra1 Rdd2 $1 22. Rxa2 Rxa2 $15 {[%mdl 4096] Endgame KRB-KRB} 23. g3 Bb3 $1 24. Kg2 Bxa4 25. Bxa4 (25. Bd5 $142 Rd2 26. Bf3) 25... Rxa4 $17 {KR-KR} 26. Rc8+ Kg7 27. Ra8 Ra2 28. Kf3 Kf6 29. g4 a5 (29... g5 $1 $19 {is more deadly.} 30. Rh8 Kg7) 30. Rh8 Kg7 31. Ra8 (31. Re8 $17) 31... h6 (31... g5 $19 32. e4 a4) 32. h4 Kf6 ({Better is} 32... f6 33. h5 gxh5 34. gxh5 a4) 33. Rh8 (33. Ra6+ $17 {is a better defense.} e6 34. Ra7) 33... a4 $19 {[%cal Ba5a4,Ba4a3][%mdl 32]} 34. Ra8 {[#]} a3 $1 35. Ra5 g5 (35... Ra1 $19 {Strongly threatening ...a2.} 36. Ke4 a2 37. Ra6+ Kg7) 36. hxg5+ $2 (36. h5 $17) 36... hxg5 37. Ra6+ e6 38. Ra5 Ra1 39. Ke4 {[#]} Kg6 $1 40. Ra6 {Precision: White = 27%, Black = 55%.} 1/2-1/2

[Event "10th KiiT Festival 2017"]
[Site "Bhubaneshwar"]
[Date "2017.06.01"]
[Round "9"]
[White "Subhayan Kundu"]
[Black "Erigaisi Arjun"]
[Result "0-1"]
[WhiteElo "2121"]
[BlackElo "2338"]
[Annotator "TA"]
[PlyCount "46"]
[EventDate "2017.05.26"]
[EventType "swiss"]
[EventCountry "IND"]
[SourceTitle "playchess.com"]
[Source "ChessBase"]
[SourceQuality "1"]

{[%evp 17,46,3,6,0,16,1,18,10,46,43,28,16,16,12,23,0,16,21,47,45,59,-20,-28,-210,-220,-211,-168,-176,-168,-1970,-1829]} 1. e4 e6 2. d4 d5 3. Nc3 Nf6 4. e5 Nfd7 5. f4 c5 6. Nf3 Nc6 7. Be3 a6 8. Qd2 b5 9. dxc5 Bxc5 10. Bd3 {C11: French: Classical System: 4 e5 and 4 Bg5 dxe4} Bb7 {White must now prevent ...d4.} (10... Qb6 $5 11. Bxc5 Nxc5 $11) 11. Bf2 Rc8 (11... Qb6 $5) 12. O-O {The position is equal.} Qb6 13. Rae1 Ne7 14. Ne2 Bxf2+ 15. Rxf2 Nc5 {[%cal Bd7c5,Bc5e4,Be4f2][%mdl 32] [#]} 16. Nfd4 $146 ({Predecessor:} 16. Qe3 Qa5 17. Ned4 Ne4 {½-½ (74) Wang,Y (2714)-Ding,L (2664) Danzhou 2011}) 16... g6 17. Qe3 Qa5 18. Rff1 Ne4 {Threatening ...Nd2.} (18... Qxa2 $2 19. Ra1 $18) 19. g4 (19. Nb3 $14 Qc7 20. Ng3) 19... h5 $11 ({But not} 19... Qxa2 $2 20. Ra1 $18) 20. f5 $2 (20. Qh3 $11 {and White is okay.}) 20... gxf5 $19 ({Don't blunder} 20... hxg4 $2 21. fxe6 fxe6 22. Bxe4 $18 (22. Nxe6 Nf5 $14)) 21. gxf5 {[#]} Rg8+ $1 22. Kh1 Nxf5 23. Nxf5 $2 {[#]} (23. Qf3) 23... Nf2+ $1 {[%mdl 512] Precision: White = 38%, Black = 43%.} 0-1

[Event "10th KiiT Festival 2017"]
[Site "Bhubaneshwar"]
[Date "2017.06.01"]
[Round "9"]
[White "Dixit, Nikhil"]
[Black "Mitrabha, Guha"]
[Result "0-1"]
[WhiteElo "2101"]
[BlackElo "2299"]
[Annotator "TA"]
[PlyCount "66"]
[EventDate "2017.05.26"]
[EventType "swiss"]
[EventCountry "IND"]
[SourceTitle "playchess.com"]
[Source "ChessBase"]
[SourceQuality "1"]

{[%evp 17,66,-22,31,-3,10,-11,-9,-43,-37,-67,-47,-67,-68,-72,-48,-77,0,-70,-80,-77,-66,-62,-55,-79,-50,-64,-74,-158,-143,-309,-309,-492,-499,-495,-470,-488,-470,-577,-543,-597,-564,-651,-674,-929,-846,-1122,-1122,-1115,-1048,-1910,-1683]} 1. e4 e6 2. d4 d5 3. exd5 exd5 4. c4 Nf6 5. Nc3 Be7 6. Nf3 O-O 7. Be2 dxc4 8. Bxc4 Bg4 9. O-O Nbd7 {LiveBook: 15 Games. C01: French: Exchange Variation} ({Black should try} 9... Bxf3 $11 10. Qxf3 Qxd4) (9... Nc6 10. Be3 Qd7 11. Re1 Rad8 12. h3 Bh5 13. Be2 Nd5 14. Nxd5 Qxd5 15. Qa4 a6 16. Rac1 Rfe8 17. a3 Bd6 18. g4 {½-½ (50) Piorun,K (2591)-Baramidze,D (2604) Germany 2016}) 10. Be2 (10. h3 $5 {[%cal Rh3g4]} Bh5 11. Re1 $14) 10... Nb6 11. Be3 (11. h3 $5 {[%cal Rh3g4]} Bh5 12. Re1 $11) 11... c6 {The position is equal.} 12. Qb3 Nfd5 $146 ({Predecessor:} 12... Re8 13. Ne5 Be6 14. Qc2 Nbd5 15. Bg5 Nd7 16. Bd2 f6 17. Nf3 {0-1 (58) Di Capua,F (1719)-Gohmann,M (1934) Lieme 2010}) 13. a4 Be6 14. Qd1 a5 15. Ne5 Bf6 16. Nd3 Be7 (16... Bf5 $17 17. Ne5 Bxe5 18. dxe5 Nxe3 19. fxe3 Qxd1 20. Raxd1 g6) 17. Nf4 (17. Ne5 $1 $11) 17... Nxf4 $15 18. Bxf4 Nd5 $36 {[%cal Bb6d5,Bd5e7,Be7g6][%mdl 2080] Black has the initiative.} 19. Be5 Bb4 20. Bd3 Ne7 (20... Nxc3 21. bxc3 Bd6 22. f4 $16) 21. Qh5 {[%csl Gd3][%cal Rh5h7] [#]} Ng6 22. Ne4 (22. Bf5 $142) 22... f6 $17 23. f4 $2 (23. Bg3 $17) 23... Be7 $19 ({Don't do} 23... Nxe5 24. fxe5 Qxd4+ 25. Nf2) ({Wrong is} 23... fxe5 $2 24. Ng5 $18) 24. Rad1 (24. Ng5 $142 fxg5 25. fxg5 Bxg5 26. Bxg6 Be3+ 27. Kh1 hxg6 28. Qxg6 Rxf1+ 29. Rxf1) 24... fxe5 {Black is clearly winning.} 25. dxe5 Qd4+ 26. Kh1 Bb3 27. Rd2 Bd5 28. Bb1 Qe3 29. Re2 {[#]} Rxf4 $1 {[%cal Rf4f1][%mdl 512]} 30. Rfe1 Qd4 {White must now prevent ...Raf8.} 31. Nf6+ Bxf6 32. exf6 Qxf6 {( -> ...Rf1+)} 33. Kg1 Rf8 {Precision: White =  9%, Black = 54%.} 0-1

[Event "10th KiiT Festival 2017"]
[Site "Bhubaneshwar"]
[Date "2017.06.02"]
[Round "10"]
[White "Ghosh, Diptayan"]
[Black "Babujian, Levon"]
[Result "1-0"]
[WhiteElo "2569"]
[BlackElo "2438"]
[Annotator "TA"]
[PlyCount "85"]
[EventDate "2017.05.26"]
[EventType "swiss"]
[EventCountry "IND"]
[SourceTitle "playchess.com"]
[Source "ChessBase"]
[SourceQuality "1"]

{[%evp 22,85,25,26,37,35,105,100,133,129,141,122,151,158,143,146,160,172,153,161,164,131,138,132,175,157,160,164,145,102,107,101,102,104,115,107,110,100,97,105,125,127,153,151,202,125,129,126,285,277,326,341,327,304,391,384,377,387,808,817,814,761,1239,1241,1189,1126]} 1. d4 Nf6 2. c4 g6 3. Nf3 Bg7 4. g3 O-O 5. Bg2 d5 6. O-O dxc4 7. Na3 c3 8. bxc3 c5 9. Ne5 Nc6 10. Nac4 Nd5 {D77: Fianchetto Grünfeld: 6 0-0: Replies other than 6...c6} 11. Nxc6 bxc6 12. Bd2 {LiveBook: 10 Games} Be6 {White has an edge.} 13. Rc1 {[#]} Qc8 $146 {[#]} (13... cxd4 $14 14. cxd4 Bxd4) ({Predecessor:} 13... Rc8 14. dxc5 Nf6 15. Ne5 Ne4 16. Bf4 Bxe5 17. Bxe5 Nxc5 18. c4 Qxd1 19. Rfxd1 {½-½ (87) Shabalov,A (2520)-Cheparinov,I (2684) Reykjavik 2016}) 14. Na5 $1 $16 ({Don't play} 14. dxc5 $6 Qa6 $11) 14... c4 15. Nxc4 Qa6 {[#]} 16. Nb2 $1 {[%cal Bc4b2,Bb2d3,Bd3c5][%mdl 32]} Qxa2 17. Nd3 Qc4 18. Nc5 Bg4 19. f3 Bc8 20. e4 Nb6 21. Re1 {Threatens to win with Bf1.} f6 22. Ra1 Rd8 23. Bf1 Qf7 24. Qc2 e5 25. Be3 Bf8 26. Qa2 Bxc5 27. Qxf7+ Kxf7 28. dxc5 Nd7 29. Ra2 Nf8 30. Rea1 Rd7 31. f4 exf4 32. Bxf4 Ne6 (32... g5 $16) 33. Bc4 Rb7 34. Bd6 Bd7 $2 (34... Kg7 $16) 35. Rf1 $18 Re8 36. Raf2 Kg7 {Black wants to play ...Ng5.} 37. Rxf6 Ng5 38. Bf8+ Rxf8 39. Rxf8 Bh3 $2 (39... Be6) 40. Rg8+ {White is clearly winning.} Kh6 41. Rf4 {[%cal Rf4h4]} Rb1+ 42. Kf2 {[%cal Rf4h4]} Rb2+ 43. Ke3 {Precision: White = 82%, Black = 44%.} 1-0

[Event "10th KiiT Festival 2017"]
[Site "Bhubaneshwar"]
[Date "2017.06.02"]
[Round "10"]
[White "Tukhaev, Adam"]
[Black "Nitin, S.."]
[Result "1-0"]
[WhiteElo "2557"]
[BlackElo "2426"]
[Annotator "TA"]
[PlyCount "91"]
[EventDate "2017.05.26"]
[EventType "swiss"]
[EventCountry "IND"]
[SourceTitle "playchess.com"]
[Source "ChessBase"]
[SourceQuality "1"]

{[%evp 28,91,48,40,64,68,116,95,87,97,104,96,99,91,237,214,304,302,290,114,101,73,72,81,81,80,75,82,79,24,24,26,29,20,25,22,20,20,18,16,29,31,84,85,198,195,202,166,211,194,290,275,362,260,474,463,577,550,528,497,518,399,1547,1414,1124,912]} 1. e4 c5 2. Nf3 d6 3. d4 cxd4 4. Nxd4 Nf6 5. Nc3 a6 6. Be2 e5 7. Nb3 Be7 8. O-O O-O 9. Kh1 b5 10. a4 b4 {B92: Sicilian Najdorf: 6 Be2} 11. Nd5 Nxd5 12. Qxd5 Ra7 13. Be3 Be6 14. Qd2 Rb7 15. f4 {LiveBook: 4 Games} exf4 16. Bxf4 Bf6 $146 ({Predecessor:} 16... d5 17. e5 Rc7 18. Bd3 {1-0 (54) Palac,M (2595)-Soylu,S (2395) Pula 1997}) 17. Nd4 ({Don't go for} 17. Bxd6 $2 Rd7 $19) 17... Bc8 18. Bc4 Rc7 19. Bb3 Bb7 20. Qxb4 Bxe4 (20... a5 $16 21. Qd2 (21. Qxd6 Rd7 $15) 21... Rd7) 21. Ne6 $1 $18 {[%cal Re6d8]} ({Resist} 21. Bxd6 $6 Rb7 $16) 21... Bxg2+ (21... fxe6 $142 22. Qxe4 Re7 23. Bxe6+ Kh8) 22. Kxg2 fxe6 23. Qxd6 $2 (23. Bxd6 $18 {is the precise move to win.} Nc6 24. Bxc7 Nxb4 25. Bxd8 Rxd8 26. Bxe6+ Kh8 27. Rad1) 23... Rc6 $16 24. Qxd8 Rxd8 25. Rad1 Nd7 26. Rd6 Rxd6 27. Bxd6 Kf7 28. Re1 (28. c3 $16) 28... Nf8 $11 29. Bxf8 Rd2+ 30. Kf3 Kxf8 31. Rxe6 {[%mdl 4096] Endgame KRB-KRB} a5 32. Ra6 Rxh2 33. Rxa5 Bxb2 34. Ra7 {And now a5 would win.} Rf2+ {[#]} ({Better is} 34... Bd4 $14 35. Rf7+ Ke8) 35. Ke3 $1 $16 {Black must now prevent Ra8+.} Rf1 (35... Rf5 $16 {might work better.}) 36. a5 $18 {[%cal Ba4a5,Ba5a6][%mdl 32]} Re1+ 37. Kd3 Rd1+ {[#]} 38. Kc4 $1 h5 (38... Ra1 $142 39. a6 Ke8) 39. a6 Ra1 40. Kb5 Bd4 $2 (40... h4 {was necessary.} 41. Rd7 h3) 41. Rd7 Be3 42. Rf7+ Ke8 43. Rxg7 h4 44. Rh7 Bf2 $2 (44... Kd8 45. Rxh4 Kc7 46. Rh7+ Kd6) 45. Ba4 Rb1+ 46. Kc4+ {Precision: White = 71%, Black = 28%.} 1-0

[Event "10th KiiT Festival 2017"]
[Site "Bhubaneshwar"]
[Date "2017.06.02"]
[Round "10"]
[White "Nguyen, Duc Hoa"]
[Black "Debashis, Das"]
[Result "1/2-1/2"]
[WhiteElo "2481"]
[BlackElo "2496"]
[Annotator "TA"]
[PlyCount "50"]
[EventDate "2017.05.26"]
[EventType "swiss"]
[EventCountry "IND"]
[SourceTitle "playchess.com"]
[Source "ChessBase"]
[SourceQuality "1"]

{[%evp 20,50,12,10,20,0,8,0,9,4,5,20,30,36,31,33,44,2,2,2,4,4,4,9,5,8,6,6,46,0,0,-17,-17]} 1. d4 Nf6 2. c4 c6 3. Nf3 d5 4. cxd5 cxd5 5. Nc3 Nc6 6. Bf4 a6 7. e3 Bg4 8. Be2 e6 9. O-O Be7 10. h3 Bxf3 11. Bxf3 O-O {D13: Slav Defence: Exchange variation without ...Bf5} 12. a3 (12. Rc1 Rc8 13. Be2 Nd7 14. Bd3 {½-½ (14) Mirzoev,A (2481)-Esen,B (2553) Konya 2011}) 12... b5 13. b4 Rc8 14. Qb3 Nd7 $146 ({Predecessor:} 14... Ne8 15. Rfc1 Bd6 16. Bxd6 Nxd6 {½-½ (16) Muessig,G-Aumann,W Bad Driburg 1994}) 15. a4 Qb6 16. axb5 axb5 17. Be2 Nxb4 18. Nxb5 Rc2 19. Ra7 Rxe2 20. Rxd7 {[#] aiming for Nc3.} Qxb5 21. Rxe7 {Bd6 is the strong threat.} Qc4 $1 $132 {[%cal Rc4b3][%mdl 2048] Black puts up resistance} 22. Qxc4 dxc4 23. Rc7 Rc2 24. Bd6 (24. e4 $5 {[%cal Rf4d6]} Nd3 25. Be3 $16) 24... Nd5 25. Rc6 Ra8 {Precision: White = 52%, Black = 50%.} 1/2-1/2